Fundamentals of plant science (Record no. 396074)

MARC details
000 -LEADER
fixed length control field 00475 a2200193 4500
005 - DATE & TIME
control field 20260421153800.0
008 - FIXED-LENGTH DATA ELEMENTS--GENERAL INFORMATION
fixed length control field 260421b |||||||| |||| 00| 0 eng d
020 ## - ISBN
International Standard Book Number 8171693016
Price Rs. 4000.00
040 ## - CATALOGING SOURCE
Original cataloging agency VIVEKANANDA LIBRARY
082 ## - DDC NUMBER
Classification number 580
Book Number K123F
100 ## - MAIN ENTRY--PERSONAL NAME
Personal name Kains, M G
245 ## - TITLE STATEMENT
Title Fundamentals of plant science
260 ## - PUBLICATION, DISTRIBUTION, ETC. (IMPRINT)
Name of publisher, distributor, etc Commonwealth Publishers
Date of publication, distribution, etc 2024
Place of publication, distribution, etc New Delhi
300 ## - PHYSICAL DESCRIPTION
Pages x, 639
650 ## - Subject
Subject Botany
650 ## - Subject
Subject Plant
700 ## - Added Entry Personal Name
Added Entry Personal Name Questen, L M M
942 ## - ADDED ENTRY ELEMENTS (KOHA)
Koha item type Books
Holdings
Withdrawn status Lost status Source of classification or shelving scheme Damaged status Not for loan Location (home branch) Sublocation or collection (holding branch) Shelving location Date acquired Koha issues (times borrowed) Koha full call number Accession No. Koha date last seen Koha item type
    Dewey Decimal Classification     VIVEKANANDA LIBRARY VIVEKANANDA LIBRARY Vivekananda Library 02/02/2026   580 K123F 438006 02/02/2026 Books
© Designed and Maintained by Vivekananda Library, MDU Rohtak